000 00315nam a22001337a 4500
008 170926b xxu||||| |||| 00| 0 eng d
020 _a9781418000790
041 _aeng
080 _25 ED
_a37
100 _a46
101 _aEDU
245 _aINTRODUCTION EARLY CHILDHOOD.EDUCATION
_cESSA.EL
942 _2udc
_cBK
999 _c29823
_d29823